Countries With Flags at the South Pole - Statistics

General Stats
  • This quiz has been taken 65 times
  • The average score is 10 of 12
Answer Stats
Country % Correct
United States
98%
United Kingdom
93%
Australia
90%
Argentina
88%
France
88%
New Zealand
88%
Chile
86%
Russia
86%
Norway
78%
South Africa
75%
Japan
59%
Belgium
29%
No matching quizzes found
Score Distribution
Percent of People with Each Score
Percentile by Number Answered
Your Score History
You have not taken this quiz